Lecciones de derechos fundamentales
Guardat en:
| Autor principal: | |
|---|---|
| Altres autors: | , |
| Format: | Llibre |
| Idioma: | espanyol |
| Publicat: |
Madrid
Dykinson
2004
|
| Edició: | 1a. ed |
| Col·lecció: | Colección de Derechos Humanos y Filosofía del Derecho
|
| Matèries: | |
| Etiquetes: |
Afegir etiqueta
Sense etiquetes, Sigues el primer a etiquetar aquest registre!
|
MARC
| LEADER | 00000cam a2200000 a 4500 | ||
|---|---|---|---|
| 001 | UCE4004 | ||
| 003 | CL-VaPUC | ||
| 005 | 20230331155940.0 | ||
| 008 | 141003e20040000sp |||||||||||||||||spa|d | ||
| 999 | |c 357097 |d 357095 | ||
| 020 | |a 8497725611 | ||
| 040 | |c Pontificia Universidad Católica de Valparaíso | ||
| 082 | 0 | 4 | |a 341.481 |b PEC |2 21 |
| 100 | |a Peces-Barba Martínez, Gregorio |e autor |9 576567 | ||
| 245 | 1 | 0 | |a Lecciones de derechos fundamentales |
| 250 | |a 1a. ed | ||
| 260 | |a Madrid |b Dykinson |c 2004 | ||
| 300 | |a 365 p | ||
| 490 | 0 | |a Colección de Derechos Humanos y Filosofía del Derecho | |
| 583 | |a last modification |c 20141003 14:18:00 |k Rodrigo Vera | ||
| 650 | 0 | |a Derechos fundamentales |9 254841 | |
| 650 | 0 | |a Derechos humanos |9 223025 | |
| 650 | 0 | |a Libertad |9 255686 | |
| 650 | 7 | |a PROTECCION |2 CL-VaPUC |9 576570 | |
| 650 | 7 | |a DERECHOS NATURALES |2 CL-VaPUC |9 373478 | |
| 700 | |a Asís Roig, Rafael de |9 608565 | ||
| 700 | |a Barranco Avilés, María del Carmen |9 881145 | ||
| 942 | |c BK |2 ddc | ||
| 945 | |d 20141003 14:18:00 |a arojas | ||
| 952 | |0 0 |1 0 |3 erb |4 0 |6 341_481000000000000_PEC_2004 |7 0 |8 A |9 464914 |a BIBDER |b BIBDER |i 5117577 |l 2 |o 341.481 PEC 2004 |p 5117577 |r 2023-03-31 |s 2023-01-20 |w 2019-11-23 |y BK |z Catalogado en:20141003 |k DER | ||